| 000 | 00567nam a22001817a 4500 | ||
|---|---|---|---|
| 003 | CEME | ||
| 005 | 20210628205856.0 | ||
| 008 | 210208b xxu||||| |||| 00| 0 eng d | ||
| 020 | _a0-8273-2685-8 | ||
| 040 | _c. | ||
| 082 | _a808.066 PHI | ||
| 100 |
_aPhilbin, Alice.I Presley, John.W _977335 |
||
| 245 | _aTechnical writing method application and management | ||
| 260 |
_aUSA _bDELMAR PUBLISHING _c1989 |
||
| 300 | _a547P | ||
| 650 |
_aORAL COMMUNICATIONS PRESENTATIONS DRAFTING INSTRUCTIONS COMMUNICATION-TECHNICAL WRITING-TECHNICAL _977336 |
||
| 942 |
_cBK _2ddc |
||
| 999 |
_c582622 _d582622 |
||